<?xml version="1.0" encoding="UTF-8"?>
<collection xmlns="http://www.loc.gov/MARC21/slim">
 <record>
  <leader>00631nam a22001577a 4500</leader>
  <controlfield tag="001">1/23460</controlfield>
  <controlfield tag="008">310804s1999    xx a          00010 eng  </controlfield>
  <datafield tag="035" ind1=" " ind2=" ">
   <subfield code="l">25183</subfield>
  </datafield>
  <datafield tag="040" ind1=" " ind2=" ">
   <subfield code="a">GR-PeUP</subfield>
  </datafield>
  <datafield tag="082" ind1="0" ind2="0">
   <subfield code="a">R 658.5'1'03 WOR</subfield>
  </datafield>
  <datafield tag="245" ind1="0" ind2="0">
   <subfield code="a">Workflow Management Coalition terminology &amp; glossary</subfield>
  </datafield>
  <datafield tag="260" ind1="0" ind2=" ">
   <subfield code="a">Winchester:</subfield>
   <subfield code="b">Workflow Management Coalition,</subfield>
   <subfield code="c">1999</subfield>
  </datafield>
  <datafield tag="300" ind1=" " ind2=" ">
   <subfield code="a">86 p:</subfield>
   <subfield code="b">ill.:</subfield>
   <subfield code="c">21 x 10 cm.</subfield>
  </datafield>
  <datafield tag="500" ind1=" " ind2=" ">
   <subfield code="a">Ενθετο στο αντίτυπο με τίτλο &quot;Workflow handbook&quot; με αριθμό εγγραφής 24835</subfield>
  </datafield>
  <datafield tag="650" ind1=" " ind2="4">
   <subfield code="a">Workflow</subfield>
   <subfield code="x">Dictionaries.</subfield>
  </datafield>
  <datafield tag="852" ind1=" " ind2=" ">
   <subfield code="a">INST</subfield>
   <subfield code="b">UNIPILB</subfield>
   <subfield code="c">REF</subfield>
   <subfield code="e">20040831</subfield>
   <subfield code="h">R 658.5'1'03 WOR</subfield>
   <subfield code="p">00143779</subfield>
   <subfield code="q">00143779</subfield>
   <subfield code="t">NOLOAN</subfield>
   <subfield code="y">23</subfield>
   <subfield code="4">1</subfield>
  </datafield>
 </record>
</collection>
